000 00662nam a2200217 i 4500
001 bgj
100 1 _aELSBREE, Langdon
245 1 0 _aHeath's brief handbook of usage /
_cLangdon Elsbree ; Frederick Bracher ; Nell Altizer.
260 _aLexington, Ma :
_bD. C. Heath and Company,
_cc. 1977
_aToronto.
300 _a[7], 265 pp ;
_c21 cm.
505 _aIncludes index.
650 9 _aEnglish language
_xUsage
700 1 _aBRACHER, Frederick
_d(1905- ).
_eco-author
700 1 _aALTIZER, Nell.
_eco-author
020 _a0669005886
040 _cBPK
041 0 _aeng
920 _a0-669-00588-6
942 _cKS
008 s uk f |000 0 eng
999 _c47599
_d47599